Sounds Like a Literary Work - Statistics

General Stats
  • This quiz has been taken 113 times
  • The average score is 12 of 20
Answer Stats
Hint Answer % Correct
The Drapes of Math The Grapes of Wrath
91%
To Spill a Shocking Turd To Kill a Mockingbird
89%
Omelet Hamlet
83%
The Cord of the Strings The Lord of the Rings
83%
Sword of the Spies Lord of the Flies
82%
A Pail of Blue Kitties A Tale of Two Cities
77%
Spittle Linen Little Women
65%
Wide and Credulous Pride and Prejudice
65%
Shore and Geese War and Peace
62%
A Tomb with a Clue A Room with a View
57%
Lawn Coyote Don Quixote
57%
The Harlot Bettor The Scarlet Letter
57%
The Gold Can and the Bee The Old Man and the Sea
55%
Dove in the Slime of Oliver Love in the Time of Cholera
47%
Bait Crustaceans Great Expectations
45%
Spring Beer King Lear
39%
Mom Bones Tom Jones
39%
Cave Stew Hurled Brave New World
35%
Grain Mare Jane Eyre
30%
The Shape of the Clock The Rape of the Lock
10%
No matching quizzes found
Score Distribution
Percent of People with Each Score
Percentile by Number Answered
Your Score History
You have not taken this quiz